| 000 | 00575nam a2200181 a 4500 | ||
|---|---|---|---|
| 001 | 78 | ||
| 003 | CDMR | ||
| 005 | 20131014131048.0 | ||
| 008 | 130130s1923||||||||||||||||||||||||||||d | ||
| 040 |
_aCDMR _bcat _cCDMR |
||
| 100 | 1 |
_aRoch, León _976 |
|
| 245 | 1 | 0 |
_a75 años de periodismo con motivo de las bodas de diamante de "La Época" _b: aportaciones para la historia del periodismo madrileño |
| 246 | _aBodas de diamante de "La Época" | ||
| 260 |
_aMadrid _c1923 _bTip. Ramona Velasco |
||
| 610 |
_94049 _aÉpoca (Madrid) |
||
| 650 | 0 | 4 |
_91617 _aPremsa _zMadrid |
| 942 |
_cMON _2ddc |
||
| 999 |
_c78 _d78 |
||